01247ngm a2200337 4500003000400000005001700004007000400021008004000025010001800065024001800083035003200101040001300133082001500146245008000161246000600241260003900247300006300286440004000349500007700389500005400466538011200520538012600632650001900758700002000777700001900797700001700816700001700833700001700850700002400867700001800891dpl20080723110517.0DVD||||||sp199 xxu|||||c|||| 00| 0 eng d aDVD-000596  a15813c499.00 aDVD-000596 DVD-001077-1078 aDPLcDPL aDVD / GOOD aGood The Bad and the Uglyc20th Century Fox Presentsh[videorecording] DVD/ a. b20th Century Fox Homeentertainment a1 videodisc DVD; (178 min.) :bsd., col. ;c4 3/4 in.fDVD a20th Centyry Fox Home Entertainment aSole Distributor in India M/s. Excel Productions Autio Visuals Pvt. Ltd. aBrilliant, Impressive, Overwhelming Entertainment aDolby Digital 5.1-English, Spanish, Portuguees Subtitles: English, Cantonese,Thai, Korean, Bahasa, Mandarin aAspect Ratio: 2.35:1, Presentation type: Wide Screne, Presentation Size 16x9, Format DVD 9 Dual Layer Single Sided Disc. aMotion Picture aEastwood, Clint aCleef, Lee Van aGuffre, Aldo aBrega, Mario aWallach, Eli aVincenzoni, Luciano aLeone, Sergio